• 首页
  • 本馆介绍
  • 公告通知
  • 最新文献
  • 馆藏检索
  • 电子资源
  • 读者导购
  • 参考咨询
  • 我的图书馆
  • 登录
  • 详细信息显示
  • 放入我的书架
  • 预约/预借图书
  • 作者相关作品
  • 分类相关作品
  • 丛书相关作品
  • 出版社相关作品

书目信息

  • 表格格式
  • 工作单格式
  • 卡片格式
题名:
财神赵公明神话传奇
    
 
作者: 杨泽勋 著
分册:  
出版信息: 北京   团结出版社  2017
页数: 247页
开本: 24cm
丛书名:
单 册:
中图分类: I276.5
科图分类:
主题词: 神话--shen hua--作品集--中国--古代
电子资源:
ISBN: 978-7-5126-5321-4
000 00874nam0 2200241 450
001 012001010656
005 20131102154256.0
010    @a978-7-5126-5321-4@dCNY56.00
099    @aCAL 012018010827
100    @a20171214d2017 em y0chiy50 ea
101 0  @achi
102    @aCN@b110000
105    @ay z 000fy
106    @ar
200 1  @a财神赵公明神话传奇@Acai shen zhao gong ming shen hua chuan qi@f杨泽勋著
210    @a北京@c团结出版社@d2017
215    @a247页@d24cm
330    @a本书内容包括: 寻公明穷秀才精诚石开 ; 投人世无人性老君引路 ; 李老君讲故事孝爱当先 ; 小孩儿闯天下卧薪尝胆 ; 不吃世间苦何能做豪杰 ; 吃百家饭长大以人为本 ; 老百姓需要我父母置后 ; 以生命换猴菌初入仙班等。
606 0  @a神话@Ashen hua@x作品集@y中国@z古代
690    @aI276.5@v5
701  0 @a杨泽勋@Ayang ze xun@4著
801  2 @aCN@b上海新华@c20191020
905    @b1182206-9@dI276.5@e102@f4
    
    财神赵公明神话传奇/杨泽勋著.-北京:团结出版社,2017
    247页;24cm
    
    
    ISBN 978-7-5126-5321-4:CNY56.00
    本书内容包括: 寻公明穷秀才精诚石开 ; 投人世无人性老君引路 ; 李老君讲故事孝爱当先 ; 小孩儿闯天下卧薪尝胆 ; 不吃世间苦何能做豪杰 ; 吃百家饭长大以人为本 ; 老百姓需要我父母置后 ; 以生命换猴菌初入仙班等。
●
相关链接 在E读中查询图书 在五车中查询图书 在当当中查询图书 在豆瓣中查询图书


正题名:财神赵公明神话传奇     索取号:I276.5/102         预约/预借

序号 登录号 条形码 馆藏地/架位号 状态 备注
1 1182206   211822063   第一样本阅览室/ [索取号:I276.5/102] 在馆    
2 1182207   211822072   第二借阅区/ [索取号:I276.5/102] 在馆    
3 1182208   211822081   第二借阅区/ [索取号:I276.5/102] 在馆    
4 1182209   211822090   第二借阅区/ [索取号:I276.5/102] 在馆    
唐山师范学院图书馆 欢迎您!
大连网信软件有限公司© 版权所有